000
00309 a2200145 4500
001
160689
020
_a
040
_c
Magnum
100
_a
Souza, Geraldo Eustaquio de
240
1
0
_a
Eu comigo aqui e agora
_l
por
245
1
0
_a
Eu comigo aqui e agora
362
0
_a
1899
697
_a
J/SONHOS
942
_c
BK
999
_c
160689
_d
160689